拒绝三高有办法 (Record no. 32029)

000 -LEADER
fixed length control field 00501nam a22001937a 4500
003 - CONTROL NUMBER IDENTIFIER
control field MPLRDC
005 - DATE AND TIME OF LATEST TRANSACTION
control field 20220104142558.0
008 - FIXED-LENGTH DATA ELEMENTS--GENERAL INFORMATION
fixed length control field 210129b ||||| |||| 00| 0 eng d
020 ## - INTERNATIONAL STANDARD BOOK NUMBER
International Standard Book Number 978-986-6084-05-8
082 ## - DEWEY DECIMAL CLASSIFICATION NUMBER
Classification number 415.332 JKP
100 ## - MAIN ENTRY--PERSONAL NAME
Personal name j简凯平 编者
245 ## - TITLE STATEMENT
Title 拒绝三高有办法
Statement of responsibility, etc.
250 ## - EDITION STATEMENT
Edition statement 增订二版
260 ## - PUBLICATION, DISTRIBUTION, ETC.
Place of publication, distribution, etc. 台湾
Name of publisher, distributor, etc. 宪业企管顾问有限公司
Date of publication, distribution, etc. 2011
300 ## - PHYSICAL DESCRIPTION
Other physical details 308
490 ## - SERIES STATEMENT
Series statement 医学保健丛书: 39
650 ## - SUBJECT ADDED ENTRY--TOPICAL TERM
Topical term or geographic name entry element 高血压
942 ## - ADDED ENTRY ELEMENTS (KOHA)
Koha item type Book
-- 415.332 JKP
Holdings
Withdrawn status Lost status Source of classification or shelving scheme Damaged status Not for loan Collection code Home library Current library Shelving location Date acquired Cost, normal purchase price Total Checkouts Full call number Barcode Date last seen Date last checked out Price effective from Koha item type Public note
            Malaysian Public Library, Research and Development Centre Malaysian Public Library, Research and Development Centre   10/12/2007 51.50   415.332 JKP 00032123 18/03/2021 22/05/2018 18/03/2021 Book mplrdc

© 2022. Malaysian Public Library, Research and Development Centre. All Right ReservedE-mailmplrdc@help.edu.my 

Powered by Koha